| 000 | 00865nam a2200253Ia 4500 | ||
|---|---|---|---|
| 003 | OSt | ||
| 005 | 20221005113135.0 | ||
| 006 | a|||||r|||| 00| 0 | ||
| 007 | ta | ||
| 008 | 221004b |||||||| |||| 00| 0 pan d | ||
| 020 | _c150 | ||
| 024 | _a2678 | ||
| 037 |
_b705, 21/01/2013, Bright Book Service _cTextual |
||
| 040 |
_aCRL _cCRL _bpan |
||
| 041 |
_2pan _apan |
||
| 082 | _aO153,1NSIx, Q1 | ||
| 100 | _aਰਤਨ ਸਿੰਘ | ||
| 245 | 0 |
_aਅੱਖਰਾਂ ਅੰਦਰ ਬਲਦਾ ਦੀਵਾ _b ਕੋਹੇ ਅਤੇ ਅਦੋਹੇ |
|
| 260 |
_aਦਿੱਲੀ਼ _bਰਤਨ ਸਿੰਘ ਭਾਰਤ _c2011 |
||
| 300 |
_a139ਪੰ _ccm. |
||
| 650 | _aਪੰਜਾਬੀ ਸਾਹਿਤ | ||
| 942 |
_hO153,1NSIx, Q1 _cTEXL _2cc |
||
| 999 |
_c1027167 _d1027167 |
||